000 00685nam a2200265Ia 4500
003 OSt
005 20220928131039.0
006 a|||||r|||| 00| 0
007 ta
008 220927b |||||||| |||| 00| 0 eng d
024 _a66243
037 _cTextual
040 _aSDCL
_cSDCL
_beng
041 _2eng
_aeng
082 _aX:72, P3
100 _aBlanchard Olivier
_9374018
245 0 _aMacroeconomics
250 _a3
260 _aNew Jersey
_bPrentice-Hall
_c2003
300 _axxiii,615p
_ccm.
490 _aPrentice Hall series in Economics
650 _aMacroeconomics
942 _hX:72, P3
_cTEXL
_2CC
999 _c789362
_d789362